[Event "CAMPEONATO DE ESPAÑA ABSOLUTO"]
[Site "EL SAUZAL - TENERIFE - ISLAS CANARIAS"]
[Date "2010.09.05"]
[Round "2"]
[Board "8"]
[White "Senlle Caride, Miguel"]
[Black "San Segundo Carrillo, Pablo"]
[Result "0-1"]
[WhiteElo "2235"]
[BlackElo "2511"]
[PlyCount "74"]
[EventDate "2010.09.04"]
[EventRounds "9"]
[EventCountry "ESP"]

1.e4 e5 2.Nf3 Nc6 3.Bc4 Bc5 4.c3 Nf6 5.d4 exd4 6.cxd4 Bb4+ 7.Bd2 Bxd2+ 8.Nbxd2
d5 9.exd5 Nxd5 10.Qb3 Nce7 11.O-O O-O 12.Rfe1 Nb6 13.Bd3 Ng6 14.Rac1 c6 15.Bxg6
hxg6 16.Ne5 Bf5 17.Qg3 Qxd4 18.Ndf3 Qxb2 19.Qh4 f6 20.g4 g5 21.Qh5 Bh7 22.Ng6
Nd5 23.Rb1 Qc2 24.Nxf8 Rxf8 25.Rxb7 Bg6 26.Qh3 Nf4 27.Qg3 Ne2+ 28.Rxe2 Qxe2
29.Qc7 Bf7 30.Kg2 Qxa2 31.Rxa7 Qe6 32.Kg3 Rc8 33.Qb7 c5 34.h4 gxh4+ 35.Nxh4 Rd8
36.Qc7 Rd3+ 37.Kh2 Qxg4 0-1

[Event "CAMPEONATO DE ESPAÑA ABSOLUTO"]
[Site "EL SAUZAL - TENERIFE - ISLAS CANARIAS"]
[Date "2010.09.05"]
[Round "2"]
[Board "9"]
[White "Reinaldo Castineira, Roi"]
[Black "Vega Gutierrez, Belinda"]
[Result "1-0"]
[WhiteElo "2502"]
[BlackElo "2233"]
[PlyCount "79"]
[EventDate "2010.09.04"]
[EventRounds "9"]
[EventCountry "ESP"]

1.c4 e5 2.g3 Nf6 3.Bg2 d5 4.cxd5 Nxd5 5.Nf3 Nc6 6.O-O Be7 7.d4 exd4 8.Nxd4 Nxd4
9.Qxd4 Nf6 10.Qa4+ c6 11.e4 O-O 12.Nc3 Be6 13.h3 Nd7 14.Rd1 Qb6 15.Qc2 Rad8
16.Be3 Qa5 17.a3 Ne5 18.Ne2 Qa6 19.Nd4 c5 20.Nxe6 fxe6 21.Qc3 Bf6 22.Qxc5 Nd3
23.Qxa7 Qxa7 24.Bxa7 Nxb2 25.Rxd8 Rxd8 26.Rb1 Rd3 27.Bc5 Na4 28.Bb4 Bd4 29.Rc1
h5 30.Rc8+ Kh7 31.e5 Rd1+ 32.Kh2 h4 33.Be4+ g6 34.Rc7+ Kg8 35.f4 Be3 36.Bxg6
hxg3+ 37.Kxg3 Rg1+ 38.Kf3 Bb6 39.Bf7+ Kh8 40.Rc8+ 1-0

[Event "CAMPEONATO DE ESPAÑA ABSOLUTO"]
[Site "EL SAUZAL - TENERIFE - ISLAS CANARIAS"]
[Date "2010.09.05"]
[Round "2"]
[Board "10"]
[White "Gonzalez Garcia, Guillermo"]
[Black "Moreno Ruiz, Javier"]
[Result "1/2-1/2"]
[WhiteElo "2215"]
[BlackElo "2491"]
[PlyCount "130"]
[EventDate "2010.09.04"]
[EventRounds "9"]
[EventCountry "ESP"]

1.Nf3 c5 2.c4 g6 3.d4 cxd4 4.Nxd4 Nc6 5.Nc3 Bg7 6.e3 Nf6 7.Be2 O-O 8.O-O b6
9.Nc2 Bb7 10.b3 Qb8 11.Rb1 Rd8 12.Nd5 e6 13.Nxf6+ Bxf6 14.e4 Ne7 15.Bd3 d5
16.Qe2 dxe4 17.Bxe4 Nf5 18.Bxb7 Qxb7 19.Bb2 Bxb2 20.Rxb2 Rd6 21.Qe5 Rad8 22.Ne3
Nh4 23.Qf4 Rd4 24.Qf6 Qe4 25.Re2 Nxg2 26.Nd5 Qh4 27.Rxe6 Qxf6 28.Rxf6 Rg4 29.h3
Rg5 30.Kh1 Kg7 31.Rf3 Nh4 32.Re3 b5 33.Rg1 Rxg1+ 34.Kxg1 bxc4 35.bxc4 Nf5 36.Ra3
Rd7 37.Kf1 Nd6 38.Ne3 Rc7 39.Ke2 Ne4 40.Nd5 Rd7 41.Ke3 f5 42.f3 Ng5 43.Kd4 Ne6+
44.Ke5 Kf7 45.Ra6 Nc5 46.Rf6+ Kg7 47.Rc6 Nd3+ 48.Ke6 Rb7 49.Rc7+ Rxc7 50.Nxc7
Kh6 51.Kf6 Kh5 52.Ne6 Kh4 53.Kg7 Kxh3 54.Kxh7 Kg3 55.Kxg6 f4 56.Kf5 Kxf3 57.Nxf4
Nxf4 58.c5 Ke3 59.c6 Nd5 60.Ke5 Nc7 61.Kd6 Na6 62.c7 Nxc7 63.Kxc7 Kd4 64.Kb7 a5
65.Ka6 a4 1/2-1/2

[Event "CAMPEONATO DE ESPAÑA ABSOLUTO"]
[Site "EL SAUZAL - TENERIFE - ISLAS CANARIAS"]
[Date "2010.09.05"]
[Round "2"]
[Board "11"]
[White "Pinto Henriquez, Rodrigo"]
[Black "Alonso Rosell, Alvar"]
[Result "0-1"]
[WhiteElo "2214"]
[BlackElo "2485"]
[PlyCount "88"]
[EventDate "2010.09.04"]
[EventRounds "9"]
[EventCountry "ESP"]

1.e4 c5 2.Nf3 d6 3.d4 Nf6 4.Nc3 cxd4 5.Nxd4 a6 6.Bc4 e6 7.Bb3 Be7 8.O-O b5 9.Qf3
Qb6 10.Be3 Qb7 11.a3 Nbd7 12.Qg3 Nc5 13.f3 Nxb3 14.cxb3 O-O 15.b4 Bd7 16.Nb3
Rac8 17.Na5 Qb8 18.Rfd1 Rfd8 19.Bd4 e5 20.Be3 Be6 21.Rac1 Qa8 22.Bb6 Rd7 23.Qe1
h6 24.Rd3 d5 25.exd5 Nxd5 26.Nxd5 Rxd5 27.Rxc8+ Bxc8 28.Qe4 Be6 29.Rxd5 Qxd5
30.Qxd5 Bxd5 31.Bc7 f6 32.Kf2 Kf7 33.Ke3 Ke6 34.Kd3 f5 35.Kc3 Bf6 36.Nb3 Bxb3
37.Kxb3 e4 38.fxe4 fxe4 39.Bb6 Kd5 40.Kc2 Bd4 41.Bd8 e3 42.b3 Ke4 43.Be7 Be5
44.h3 Bg3 0-1

[Event "CAMPEONATO DE ESPAÑA ABSOLUTO"]
[Site "EL SAUZAL - TENERIFE - ISLAS CANARIAS"]
[Date "2010.09.05"]
[Round "2"]
[Board "12"]
[White "Herraiz Hidalgo, Herminio"]
[Black "Morales Camacho, Julian"]
[Result "1-0"]
[WhiteElo "2480"]
[BlackElo "2213"]
[PlyCount "72"]
[EventDate "2010.09.04"]
[EventRounds "9"]
[EventCountry "ESP"]

1.d4 d6 2.Nf3 Nf6 3.c4 Nbd7 4.Nc3 e5 5.Bg5 Be7 6.e3 O-O 7.Be2 Ne8 8.Bxe7 Qxe7
9.Rc1 c6 10.b4 Ndf6 11.b5 Nc7 12.bxc6 bxc6 13.c5 exd4 14.cxd6 Qxd6 15.Qxd4 Qa3
16.O-O Be6 17.Rc2 c5 18.Qa4 Qb4 19.a3 Qb6 20.Rb1 Bd7 21.Qf4 Qa5 22.Ne5 Ne6
23.Qc4 Rab8 24.Rd1 Rfd8 25.f4 Be8 26.Rxd8 Rxd8 27.Qa6 Qc7 28.Bc4 Rd6 29.Nb5 Rxa6
30.Nxc7 Nxc7 31.Bxa6 Nxa6 32.Rb2 Nd5 33.Rb7 Ndc7 34.Rxa7 f6 35.Nd3 Bb5 36.Nxc5
Bd7 1-0

[Event "CAMPEONATO DE ESPAÑA ABSOLUTO"]
[Site "EL SAUZAL - TENERIFE - ISLAS CANARIAS"]
[Date "2010.09.05"]
[Round "2"]
[Board "13"]
[White "Meneses Gonzalez, Kevin Moises"]
[Black "Arribas Lopez, Angel"]
[Result "1/2-1/2"]
[WhiteElo "2195"]
[BlackElo "2454"]
[PlyCount "275"]
[EventDate "2010.09.04"]
[EventRounds "9"]
[EventCountry "ESP"]

1.e4 c5 2.Nf3 d6 3.d4 cxd4 4.Nxd4 Nf6 5.Nc3 g6 6.Be3 Bg7 7.f3 O-O 8.Qd2 Nc6
9.O-O-O d5 10.Qe1 e5 11.Nxc6 bxc6 12.exd5 Nxd5 13.Bc4 Be6 14.Ne4 Qc7 15.Bc5 Rfd8
16.Qh4 h6 17.g4 Nf4 18.Bxe6 Nxe6 19.Be3 Qa5 20.Kb1 g5 21.Qf2 Rd5 22.h4 Rad8
23.Rc1 f6 24.Ng3 Qa6 25.hxg5 Rb8 26.Qe2 Rdb5 27.b3 fxg5 28.Qc4 c5 29.Nf5 Kh7
30.Nxh6 Bf6 31.Nf5+ Kg8 32.Rh6 Kf7 33.Qd3 Rd8 34.Nd6+ Rxd6 35.Qg6+ Ke7 36.Qxf6+
Kd7 37.Qf7+ Kc8 38.Rh8+ Rd8 39.Rxd8+ Nxd8 40.Qf5+ Qe6 41.Qf8 Qf7 42.Qh8 Qe7
43.Qg8 Qf7 44.Qxg5 Qxf3 45.Qxe5 Qxg4 46.Rg1 Qe6 47.Rg5 a6 48.Qxe6+ Nxe6 49.Re5
Kd7 50.c4 Rb8 51.Bxc5 Rh8 52.Be3 Rh1+ 53.Kb2 Rh2+ 54.Ka3 Re2 55.Rd5+ Kc6 56.Bg1
Rg2 57.Be3 Re2 58.Bd2 Re4 59.Bc3 Nc5 60.Bb4 Ne6 61.Rd6+ Kb7 62.Rd7+ Kc6 63.Rd6+
Kb7 64.Bc3 Re2 65.b4 Re3 66.Kb2 Nf4 67.Bd2 Re2 68.Kc3 Nh5 69.Rg6 Rf2 70.Be3 Rxa2
71.Kd4 Ra3 72.Ke4 Ra4 73.Rb6+ Kc7 74.Kd5 Ng3 75.Rg6 Nf5 76.Bf4+ Kd7 77.Rb6 Ne7+
78.Kc5 Ra2 79.Rb7+ Ke6 80.Ra7 Nc8 81.Rc7 Ne7 82.Bg5 Ng6 83.Ra7 Ne5 84.b5 Rc2
85.Rxa6+ Kf5 86.Be7 Nxc4 87.b6 Nxb6+ 88.Kxb6 Re2 89.Bd6 Rc2 90.Ra1 Rc4 91.Bc5
Rg4 92.Kc6 Ke4 93.Re1+ Kd3 94.Bd6 Rg5 95.Ra1 Rh5 96.Ra4 Rf5 97.Kd7 Rh5 98.Ke6
Rb5 99.Be5 Rb6+ 100.Kd5 Rb5+ 101.Kd6 Ke3 102.Bd4+ Kf3 103.Ra8 Rf5 104.Re8 Rf4
105.Kd5 Rf5+ 106.Be5 Rf7 107.Ke6 Ra7 108.Rb8 Ra6+ 109.Kf5 Ra4 110.Rb3+ Ke2
111.Ke6 Ra5 112.Kf5 Ra4 113.Bf4 Rc4 114.Rb2+ Kd3 115.Rd2+ Kc3 116.Rd8 Kc2
117.Be3 Rc7 118.Ke4 Re7+ 119.Kf3 Kb3 120.Rc8 Re5 121.Ke2 Rd5 122.Bd2 Re5+
123.Kd3 Rd5+ 124.Ke3 Rh5 125.Rc3+ Ka4 126.Kd3 Rd5+ 127.Kc2 Kb5 128.Be3 Rh5
129.Rc8 Rh3 130.Kd3 Rg3 131.Ke4 Rh3 132.Bf4 Rh1 133.Be5 Rd1 134.Bd4 Rh1 135.Kd5
Rh5+ 136.Be5 Kb4 137.Rb8+ Ka5 138.Kd4 1/2-1/2

[Event "CAMPEONATO DE ESPAÑA ABSOLUTO"]
[Site "EL SAUZAL - TENERIFE - ISLAS CANARIAS"]
[Date "2010.09.05"]
[Round "2"]
[Board "14"]
[White "Larino Nieto, David"]
[Black "Leon Varela, Luis"]
[Result "0-1"]
[WhiteElo "2451"]
[BlackElo "2168"]
[PlyCount "112"]
[EventDate "2010.09.04"]
[EventRounds "9"]
[EventCountry "ESP"]

1.d4 d5 2.Bg5 h6 3.Bh4 c6 4.c3 Qb6 5.Qb3 Bf5 6.Nd2 Nd7 7.f3 Ngf6 8.Bf2 e6 9.g3
Be7 10.Bg2 Bh7 11.Nh3 O-O 12.O-O Qc7 13.Kh1 a5 14.Rae1 a4 15.Qd1 a3 16.b3 c5
17.e4 cxd4 18.cxd4 Rfc8 19.Nf4 Nb6 20.Nd3 Qc2 21.Nc5 Qxa2 22.Re2 Qb2 23.Nc4 Nxc4
24.Rxb2 Nxb2 25.Qe2 b6 26.Nd3 Nxd3 27.Qxd3 a2 28.Ra1 dxe4 29.fxe4 Nd5 30.Be1 Rc1
31.Rxc1 a1=Q 32.Qd1 Qa6 33.exd5 exd5 34.Bf2 Bg5 35.Rc7 Be4 36.h4 Qa1 37.Qxa1
Rxa1+ 38.Kh2 Ra2 39.Bxe4 dxe4 40.Kg1 e3 41.hxg5 exf2+ 42.Kf1 hxg5 43.Rb7 g4
44.Rxb6 f5 45.d5 f4 46.Rb8+ Kf7 47.Rb7+ Kf6 48.Rb6+ Kf5 49.Rc6 fxg3 50.Rc1 Rd2
51.b4 Rxd5 52.Kg2 Ke4 53.Rb1 Kf4 54.b5 Re5 55.Rb4+ Kg5 56.b6 Re1 0-1

[Event "CAMPEONATO DE ESPAÑA ABSOLUTO"]
[Site "EL SAUZAL - TENERIFE - ISLAS CANARIAS"]
[Date "2010.09.05"]
[Round "2"]
[Board "15"]
[White "Franco Alonso, Alejandro"]
[Black "Ladron De Guevara Pinto, Paolo"]
[Result "1-0"]
[WhiteElo "2490"]
[BlackElo "2215"]
[PlyCount "77"]
[EventDate "2010.09.04"]
[EventRounds "9"]
[EventCountry "ESP"]

1.Nf3 Nf6 2.c4 c5 3.Nc3 b6 4.e4 d6 5.d4 cxd4 6.Nxd4 Bb7 7.f3 e6 8.Be3 Be7 9.Be2
O-O 10.O-O a6 11.a4 Nbd7 12.a5 Rc8 13.Nb3 Nc5 14.axb6 Qxb6 15.Nxc5 dxc5 16.Qc2
Rfd8 17.b4 Qc7 18.b5 axb5 19.Nxb5 Qe5 20.Ra7 Rd7 21.Qc1 h6 22.Qa1 Qxa1 23.Rfxa1
Ne8 24.Kf2 f6 25.Rd1 Rcd8 26.Nc3 Bc6 27.Rdxd7 Rxd7 28.Ra6 Rc7 29.Nb5 Bxb5
30.cxb5 Nd6 31.b6 Rc8 32.Ra7 Kf7 33.Rc7 Rb8 34.Bxc5 Ke8 35.Bb5+ Kf8 36.Ba6 Ke8
37.b7 Kd8 38.Bb6 Ke8 39.Ba7 1-0

[Event "CAMPEONATO DE ESPAÑA ABSOLUTO"]
[Site "EL SAUZAL - TENERIFE - ISLAS CANARIAS"]
[Date "2010.09.05"]
[Round "2"]
[Board "16"]
[White "Recuero Guerra, David"]
[Black "Zamarbide Inarrea, Daniel"]
[Result "1-0"]
[WhiteElo "2457"]
[BlackElo "2197"]
[PlyCount "175"]
[EventDate "2010.09.04"]
[EventRounds "9"]
[EventCountry "ESP"]

1.e4 e5 2.Nf3 d6 3.d4 exd4 4.Nxd4 Nf6 5.Nc3 Be7 6.g3 Nc6 7.Bg2 Bd7 8.Nde2 O-O
9.O-O Re8 10.h3 Bf8 11.g4 g6 12.Ng3 Be6 13.Nd5 Nd7 14.b3 Bg7 15.Rb1 Bxd5 16.exd5
Nb4 17.Qd2 a5 18.a3 Na6 19.Qxa5 Nac5 20.Qd2 Nf6 21.Qf4 Nfd7 22.a4 b5 23.axb5 Ra2
24.b4 Na4 25.Qc4 Nc3 26.Bb2 Nb6 27.Qb3 Rxb2 28.Rxb2 Nba4 29.Ra2 Nxa2 30.Qxa2 Nc3
31.Qc4 Qb8 32.Ne4 Nxb5 33.g5 Nd4 34.c3 Nf5 35.Re1 h6 36.Qc6 Kf8 37.Ra1 hxg5
38.Nxg5 Qd8 39.Nf3 Qf6 40.Qxc7 Qxc3 41.Qxc3 Bxc3 42.Rb1 Nd4 43.Nxd4 Bxd4 44.b5
Bb6 45.Bf3 Rc8 46.Rb2 Rc5 47.Kg2 Ke7 48.Kg3 Kf6 49.h4 Kf5 50.Rb4 Kf6 51.Be4 Rc3+
52.Kg2 Rc5 53.f4 Rc3 54.Bb1 Rc5 55.Be4 Rc3 56.Rb2 Rc4 57.Kf3 Rc3+ 58.Kg2 Rc4
59.Kf3 Rc3+ 60.Kg4 Rc4 61.Bg2 Rc3 62.Bf3 Rc5 63.Rb3 Rc4 64.Be2 Rc5 65.Ra3 Rc8
66.Ra6 Rb8 67.Bd3 Bc5 68.Rc6 Rb6 69.Rc8 Kg7 70.f5 Rb7 71.Re8 Ra7 72.fxg6 Ra4+
73.Kg5 fxg6 74.Bxg6 Ra1 75.Re7+ Kf8 76.Rf7+ Kg8 77.h5 Rg1+ 78.Kf6 Re1 79.Rg7+
Kf8 80.Rf7+ Kg8 81.Bh7+ Kh8 82.Bf5 Bd4+ 83.Kg5 Kg8 84.Rb7 Rg1+ 85.Kf4 Rh1 86.Bg6
Rh4+ 87.Kg5 Rh1 88.Rb8+ 1-0

[Event "CAMPEONATO DE ESPAÑA ABSOLUTO"]
[Site "EL SAUZAL - TENERIFE - ISLAS CANARIAS"]
[Date "2010.09.05"]
[Round "2"]
[Board "17"]
[White "Gutierrez Olivares, Daniel"]
[Black "Todorcevic, Miodrag"]
[Result "1-0"]
[WhiteElo "2175"]
[BlackElo "2434"]
[PlyCount "91"]
[EventDate "2010.09.04"]
[EventRounds "9"]
[EventCountry "ESP"]

1.c4 e5 2.Nc3 d6 3.g3 f5 4.Bg2 Nf6 5.d3 Be7 6.Nf3 O-O 7.O-O Nc6 8.Rb1 a5 9.a3
Kh8 10.b4 axb4 11.axb4 Qe8 12.b5 Nd8 13.Bd2 Ne6 14.Ra1 Rxa1 15.Qxa1 Qh5 16.Nd5
Nxd5 17.cxd5 Nc5 18.Bb4 e4 19.Bxc5 dxc5 20.dxe4 fxe4 21.Qe5 Qxe5 22.Nxe5 Bf6
23.Nc4 Bd7 24.Rb1 Bf5 25.Ne3 Bg6 26.b6 cxb6 27.Rxb6 Rb8 28.Bh3 Bd8 29.Rb5 b6
30.Bd7 Ra8 31.Nc4 Ra6 32.Kg2 Bf7 33.Bc6 Bh5 34.Rb2 Kg8 35.h3 Kf8 36.g4 Bf7 37.f3
exf3+ 38.Kxf3 Bg6 39.e4 Ra1 40.Nxb6 Rf1+ 41.Ke2 Rh1 42.Nd7+ Ke7 43.Rb7 Rh2+
44.Kf3 Rxh3+ 45.Kf4 Rh1 46.Ke5 1-0

[Event "CAMPEONATO DE ESPAÑA ABSOLUTO"]
[Site "EL SAUZAL - TENERIFE - ISLAS CANARIAS"]
[Date "2010.09.05"]
[Round "2"]
[Board "19"]
[White "Aranaz Murillo, Amalia"]
[Black "Pena Gomez, Manuel"]
[Result "1/2-1/2"]
[WhiteElo "2154"]
[BlackElo "2419"]
[PlyCount "103"]
[EventDate "2010.09.04"]
[EventRounds "9"]
[EventCountry "ESP"]

1.Nf3 Nf6 2.c4 c5 3.Nc3 Nc6 4.d4 cxd4 5.Nxd4 Qb6 6.Nf3 e6 7.e3 Bb4 8.Bd2 O-O
9.Be2 Bxc3 10.Bxc3 Ne4 11.Qc2 d5 12.O-O Nxc3 13.Qxc3 dxc4 14.Rfd1 e5 15.Bxc4 Bg4
16.Bd5 Rac8 17.Bxc6 Rxc6 18.Qxe5 Bxf3 19.gxf3 Rc2 20.Rab1 Qa6 21.a3 Qe2 22.Qg3
Rxb2 23.Rxb2 Qxd1+ 24.Kg2 Qd7 25.Rb4 Qe7 26.Qf4 Rc8 27.a4 h6 28.Re4 Qd7 29.Qe5
b6 30.Rd4 Qc7 31.Qh5 Re8 32.Qd5 Re5 33.Qd8+ Qxd8 34.Rxd8+ Kh7 35.f4 Ra5 36.Rd4
Kg6 37.Kf3 Kf6 38.e4 Ke6 39.f5+ Ke7 40.Kf4 Rc5 41.h4 Rc2 42.f3 f6 43.Kg4 Rg2+
44.Kh5 a5 45.Rd5 Rg3 46.Rd3 Kf7 47.Rb3 Kg8 48.Rxb6 Rxf3 49.Rb5 Rf4 50.Rxa5 Kh7
51.Rd5 Rxe4 52.a5 1/2-1/2

[Event "CAMPEONATO DE ESPAÑA ABSOLUTO"]
[Site "EL SAUZAL - TENERIFE - ISLAS CANARIAS"]
[Date "2010.09.05"]
[Round "2"]
[Board "20"]
[White "Argandona Riveiro, Inigo"]
[Black "Camino Carrio, Nicanor"]
[Result "1-0"]
[WhiteElo "2408"]
[BlackElo "2137"]
[PlyCount "55"]
[EventDate "2010.09.04"]
[EventRounds "9"]
[EventCountry "ESP"]

1.c4 Nf6 2.Nc3 g6 3.e4 d6 4.d4 Bg7 5.Nf3 O-O 6.Be3 e5 7.Be2 c6 8.h3 Na6 9.d5 Qe7
10.Nd2 Nc7 11.Nb3 cxd5 12.cxd5 b5 13.Na5 b4 14.Nc6 Qe8 15.Nxb4 Rb8 16.Nd3 Nb5
17.Nxb5 Rxb5 18.Qc2 Nxe4 19.Nc1 Bf5 20.Bd3 Nc5 21.Bxf5 gxf5 22.Qxf5 Rxb2 23.Bxc5
dxc5 24.Nd3 Rc2 25.O-O c4 26.Nc5 e4 27.Nxe4 Re2 28.Ng5 1-0

[Event "CAMPEONATO DE ESPAÑA ABSOLUTO"]
[Site "EL SAUZAL - TENERIFE - ISLAS CANARIAS"]
[Date "2010.09.05"]
[Round "2"]
[Board "21"]
[White "Saenz Narciso, Miguel Angel"]
[Black "Anton Guijarro, David"]
[Result "0-1"]
[WhiteElo "2143"]
[BlackElo "2403"]
[PlyCount "90"]
[EventDate "2010.09.04"]
[EventRounds "9"]
[EventCountry "ESP"]

1.e4 c5 2.Nf3 Nc6 3.g3 g6 4.Bg2 Bg7 5.O-O e5 6.d3 Nge7 7.Be3 b6 8.Qd2 O-O 9.Bh6
f6 10.Bxg7 Kxg7 11.Nc3 d6 12.Nh4 Be6 13.f4 Bg8 14.Nd1 exf4 15.Qxf4 d5 16.Ne3 Be6
17.exd5 Nxd5 18.Nxd5 Bxd5 19.Rae1 Rf7 20.Nf3 Qd7 21.Rf2 Re8 22.Rxe8 Qxe8 23.Qd2
Qd7 24.a3 Re7 25.Qc3 Bxf3 26.Bxf3 Nd4 27.Bd1 Qb5 28.b4 a5 29.Rf1 axb4 30.axb4
Qxb4 31.Qxb4 cxb4 32.Rf4 Rd7 33.Kf2 g5 34.Re4 f5 35.Re8 Rc7 36.Rb8 Rc6 37.Ke3
Nxc2+ 38.Bxc2 Rxc2 39.Rxb6 Rb2 40.h4 h6 41.hxg5 hxg5 42.Kf3 b3 43.d4 Rb1 44.g4
b2 45.Kg2 f4 0-1

[Event "CAMPEONATO DE ESPAÑA ABSOLUTO"]
[Site "EL SAUZAL - TENERIFE - ISLAS CANARIAS"]
[Date "2010.09.05"]
[Round "2"]
[Board "22"]
[White "Espinosa Aranda, Angel"]
[Black "Hidalgo Santana, Fernando"]
[Result "1-0"]
[WhiteElo "2403"]
[BlackElo "2127"]
[PlyCount "41"]
[EventDate "2010.09.04"]
[EventRounds "9"]
[EventCountry "ESP"]

1.e4 d6 2.d4 Nf6 3.Nc3 g6 4.Bg5 Bg7 5.Qd2 h6 6.Bh4 c6 7.f4 b5 8.Bd3 a6 9.Nf3 Qc7
10.O-O Bb7 11.e5 Nd5 12.Rae1 e6 13.Ne4 dxe5 14.fxe5 O-O 15.Nf6+ Kh8 16.Bg5 hxg5
17.Qxg5 Nxf6 18.exf6 Kg8 19.fxg7 Kxg7 20.Ne5 Nd7 21.Rxf7+ 1-0

[Event "CAMPEONATO DE ESPAÑA ABSOLUTO"]
[Site "EL SAUZAL - TENERIFE - ISLAS CANARIAS"]
[Date "2010.09.05"]
[Round "2"]
[Board "23"]
[White "Hernandez Leon, Sergio"]
[Black "Del Rey, Diego"]
[Result "0-1"]
[WhiteElo "2133"]
[BlackElo "2396"]
[PlyCount "80"]
[EventDate "2010.09.04"]
[EventRounds "9"]
[EventCountry "ESP"]

1.d4 Nf6 2.c4 c5 3.d5 e6 4.Nc3 exd5 5.cxd5 Bd6 6.g3 Bc7 7.Bg2 d6 8.e4 O-O 9.Nge2
Re8 10.a4 Na6 11.O-O Nb4 12.Nf4 a6 13.Re1 Rb8 14.Nd3 Ba5 15.Nxb4 Bxb4 16.f4 b5
17.e5 Bg4 18.Qd2 dxe5 19.fxe5 Nd7 20.Qf4 Bh5 21.axb5 axb5 22.Ra7 c4 23.Kh1 Bc5
24.Ra6 Bb6 25.Nxb5 Nc5 26.Ra3 Nd3 27.Rxd3 cxd3 28.Bd2 Bc5 29.Qc4 Qb6 30.Nc3 Bf2
31.Rf1 Qd4 32.Qxd4 Bxd4 33.e6 Rxb2 34.Ne4 fxe6 35.dxe6 Rxe6 36.Nc5 Rd6 37.Bf4
Rf6 38.Bd5+ Kh8 39.Re1 Re2 40.Rb1 Rb6 0-1

[Event "CAMPEONATO DE ESPAÑA ABSOLUTO"]
[Site "EL SAUZAL - TENERIFE - ISLAS CANARIAS"]
[Date "2010.09.05"]
[Round "2"]
[Board "24"]
[White "Cabrera Trujillo, Jorge"]
[Black "Villavicencio Martinez, Carlos"]
[Result "1/2-1/2"]
[WhiteElo "2384"]
[BlackElo "2123"]
[PlyCount "126"]
[EventDate "2010.09.04"]
[EventRounds "9"]
[EventCountry "ESP"]

1.e4 c5 2.Nf3 e6 3.d4 cxd4 4.Nxd4 a6 5.Nc3 Qc7 6.Bd3 Nc6 7.Be3 Nf6 8.O-O h5 9.h3
b5 10.Nxc6 Qxc6 11.Be2 Qc7 12.Bf3 Rb8 13.Bd4 e5 14.Be3 Bb7 15.Bg5 Rc8 16.Rc1 b4
17.Nd5 Nxd5 18.exd5 Bc5 19.c3 a5 20.Bxh5 Bxd5 21.Qxd5 Rxh5 22.cxb4 axb4 23.Be3
d6 24.Rc4 Qc6 25.Rd1 Qxd5 26.Rxd5 f6 27.Bxc5 dxc5 28.Rdxc5 Rxc5 29.Rxc5 Rh4
30.g4 Rxh3 31.Rb5 b3 32.Rxb3 Rh4 33.f3 e4 34.Kg2 exf3+ 35.Kxf3 Rh3+ 36.Ke4 Rxb3
37.axb3 g6 38.Kd5 Kd7 39.b4 Kc7 40.Ke6 f5 41.gxf5 gxf5 42.Kxf5 Kb6 43.Ke4 Kb5
44.Kd3 Kxb4 45.Kc2 Kc4 46.Kb1 Kb3 47.Ka1 Kb4 48.Ka2 Ka4 49.b3+ Kb4 50.Kb2 Kb5
51.Kc3 Kc5 52.b4+ Kb5 53.Kb3 Kb6 54.Ka4 Ka6 55.b5+ Kb6 56.Kb4 Kb7 57.Kc5 Kc7
58.b6+ Kb7 59.Kb5 Kb8 60.Kc6 Kc8 61.Kb5 Kb8 62.Ka5 Kb7 63.Kb5 Kb8 1/2-1/2

[Event "CAMPEONATO DE ESPAÑA ABSOLUTO"]
[Site "EL SAUZAL - TENERIFE - ISLAS CANARIAS"]
[Date "2010.09.05"]
[Round "2"]
[Board "25"]
[White "Fernandez Losada, Daniel"]
[Black "Vega Gutierrez, Sabrina"]
[Result "0-1"]
[WhiteElo "2126"]
[BlackElo "2368"]
[PlyCount "68"]
[EventDate "2010.09.04"]
[EventRounds "9"]
[EventCountry "ESP"]

1.e4 c5 2.Nf3 Nc6 3.d4 cxd4 4.Nxd4 Nf6 5.Nc3 e5 6.Ndb5 d6 7.Bg5 a6 8.Na3 b5
9.Bxf6 gxf6 10.Nd5 Bg7 11.c3 f5 12.exf5 Bxf5 13.Nc2 O-O 14.Nce3 Be6 15.Bd3 f5
16.O-O Kh8 17.a4 b4 18.cxb4 Nd4 19.f4 a5 20.Rc1 e4 21.Bb5 axb4 22.Rc7 Rf7 23.Qc1
Rxa4 24.Rxf7 Bxf7 25.Qc4 Ra5 26.Ba6 Rc5 27.Qxb4 Bxd5 28.Rd1 Nc6 29.Qb7 Be6 30.b4
Rc3 31.Bb5 Nxb4 32.Ra1 Bd4 33.Ra8 Bxe3+ 34.Kf1 Rc8 0-1

[Event "CAMPEONATO DE ESPAÑA ABSOLUTO"]
[Site "EL SAUZAL - TENERIFE - ISLAS CANARIAS"]
[Date "2010.09.05"]
[Round "2"]
[Board "26"]
[White "Perez Aleman, Pedro Tomas"]
[Black "Sanchez Aller, Fernando"]
[Result "0-1"]
[WhiteElo "2111"]
[BlackElo "2323"]
[PlyCount "100"]
[EventDate "2010.09.04"]
[EventRounds "9"]
[EventCountry "ESP"]

1.e4 e5 2.Nf3 Nc6 3.Bb5 Bc5 4.c3 Bb6 5.d4 exd4 6.cxd4 Nce7 7.Bg5 c6 8.Ba4 f6
9.Be3 d5 10.e5 Bg4 11.h3 Bxf3 12.Qxf3 fxe5 13.Qh5+ Ng6 14.dxe5 Bxe3 15.fxe3 Qb6
16.O-O Qxb2 17.Qf5 N8e7 18.Qf7+ Kd8 19.Qe6 Qxe5 20.Qxe5 Nxe5 21.Nc3 Kc7 22.Rac1
Raf8 23.Nb5+ Kd7 24.Nd4 Rxf1+ 25.Rxf1 a6 26.Bc2 c5 27.Ne2 Kc6 28.a4 b5 29.axb5+
axb5 30.Ra1 Kb6 31.Nf4 N5c6 32.Rd1 Nb4 33.Bb1 g6 34.g4 Rd8 35.h4 Nbc6 36.g5 d4
37.Ne6 Rd6 38.Nf8 c4 39.exd4 Rxd4 40.Rxd4 Nxd4 41.Kf2 c3 42.h5 gxh5 43.Nxh7 b4
44.Nf6 b3 45.Ke3 c2 46.Bxc2 bxc2 47.Kd2 h4 48.Nd7+ Kb5 49.Ne5 h3 50.Ng4 Kb4 0-1

[Event "CAMPEONATO DE ESPAÑA ABSOLUTO"]
[Site "EL SAUZAL - TENERIFE - ISLAS CANARIAS"]
[Date "2010.09.05"]
[Round "2"]
[Board "27"]
[White "Villavicencio Martinez, Adalber"]
[Black "Rodriguez Lapetra, Pablo"]
[Result "0-1"]
[WhiteElo "2317"]
[BlackElo "2111"]
[PlyCount "132"]
[EventDate "2010.09.04"]
[EventRounds "9"]
[EventCountry "ESP"]

1.e4 c5 2.Nc3 Nc6 3.g3 g6 4.Bg2 Bg7 5.d3 e6 6.f4 Nge7 7.Nf3 d6 8.O-O O-O 9.Bd2
Rb8 10.Rb1 b5 11.Kh1 a5 12.Qe1 d5 13.e5 Ba6 14.Qf2 Qb6 15.g4 Rfc8 16.f5 exf5
17.gxf5 Nxf5 18.Nxd5 Qd8 19.Ne3 Nce7 20.Rbe1 Bb7 21.Ng4 Bd5 22.Bg5 Be6 23.Nf6+
Bxf6 24.Bxf6 Qd7 25.Ng5 Nd5 26.Ne4 Qc7 27.Bg5 c4 28.d4 b4 29.c3 a4 30.Nf6+ Nxf6
31.Bxf6 Qd7 32.Qd2 bxc3 33.bxc3 Bd5 34.Rxf5 Bxg2+ 35.Kg1 Rb1 36.Rxb1 Qxf5 37.Re1
Bd5 38.Qg5 Qc2 39.e6 fxe6 40.Rc1 Qxa2 41.Be7 Rc7 42.Bd6 Rd7 43.Bb4 Rf7 44.Qg3 h5
45.Rf1 Rxf1+ 46.Kxf1 Qb1+ 47.Kf2 Qc2+ 48.Ke1 Qe4+ 49.Kf2 Qf5+ 50.Ke1 Qf7 51.Qg5
Kh7 52.h4 Be4 53.Bd6 Bd3 54.Qe7 Qxe7 55.Bxe7 Kg7 56.Kd2 Kf7 57.Bg5 Ke8 58.Kc1
Kd7 59.Kb2 Kc6 60.Ka3 Bc2 61.Kb4 Bb3 62.Be7 Kd5 63.Bg5 Ke4 64.Be7 Kd3 65.Bf6 Kd2
66.Bg5+ Kc2 0-1

[Event "CAMPEONATO DE ESPAÑA ABSOLUTO"]
[Site "EL SAUZAL - TENERIFE - ISLAS CANARIAS"]
[Date "2010.09.05"]
[Round "2"]
[Board "28"]
[White "Alvarado Diaz, Alejandro"]
[Black "Garza Marco, Sergio"]
[Result "1-0"]
[WhiteElo "2101"]
[BlackElo "2439"]
[PlyCount "111"]
[EventDate "2010.09.04"]
[EventRounds "9"]
[EventCountry "ESP"]

1.c4 e5 2.Nc3 Nf6 3.a3 Nc6 4.e3 g6 5.g3 d5 6.cxd5 Nxd5 7.Bg2 Nde7 8.Nge2 Bg7
9.O-O O-O 10.b4 a6 11.Bb2 Rb8 12.Rc1 Bf5 13.Na4 Qc8 14.Bh1 Rd8 15.Nc5 b6 16.Ne4
Qd7 17.Qc2 Rbc8 18.Qc4 Qd3 19.Qxd3 Rxd3 20.Rc2 Nd8 21.Nc1 Rd7 22.f4 Bxe4 23.Bxe4
f5 24.Bd3 exf4 25.Bxg7 Kxg7 26.gxf4 Ra8 27.Be2 c6 28.Nd3 a5 29.Ne5 Rda7 30.Bf3
axb4 31.axb4 Ra2 32.Rfc1 Rxc2 33.Rxc2 b5 34.Kf2 Kf6 35.Ke2 Ra6 36.h4 Ke6 37.h5
Kd6 38.hxg6 hxg6 39.Rc1 Ke6 40.Nd3 Kf6 41.Ne5 Kg7 42.Rc3 Ra4 43.Rd3 Ne6 44.Rd7
Kf6 45.Rb7 Ra6 46.Bxc6 Rxc6 47.Rxe7 Kxe7 48.Nxc6+ Kd6 49.Ne5 Kd5 50.Nxg6 Kc4
51.Ne7 Kxb4 52.Nxf5 Ka3 53.Nd4 Nxd4+ 54.exd4 b4 55.f5 b3 56.f6 1-0

[Event "CAMPEONATO DE ESPAÑA ABSOLUTO"]
[Site "EL SAUZAL - TENERIFE - ISLAS CANARIAS"]
[Date "2010.09.05"]
[Round "2"]
[Board "29"]
[White "Acosta Sosa, Juan Manuel"]
[Black "Marrero Lopez, Agustin"]
[Result "1/2-1/2"]
[WhiteElo "2007"]
[BlackElo "1859"]
[PlyCount "65"]
[EventDate "2010.09.04"]
[EventRounds "9"]
[EventCountry "ESP"]

1.c4 g6 2.g3 c5 3.Nc3 Bg7 4.Bg2 Nc6 5.Nf3 e6 6.O-O Nge7 7.d4 cxd4 8.Nb5 d6
9.Nfxd4 Nxd4 10.Nxd4 Qb6 11.Nb5 Nf5 12.e4 Nd4 13.Be3 e5 14.Nxd4 exd4 15.Bf4 Be5
16.Bh6 Be6 17.Rc1 Rc8 18.b3 a5 19.f4 Bf6 20.Qd3 Rc5 21.Rce1 Rh5 22.f5 gxf5
23.exf5 Rxh6 24.fxe6 Rf8 25.exf7+ Kxf7 26.Rxf6+ Kxf6 27.Qf3+ Kg7 28.Re7+ Kg8
29.Qg4+ Rg6 30.Qd7 d3+ 31.Kh1 Rh6 32.Qg4+ Rg6 33.Qd7 1/2-1/2

[Event "CAMPEONATO DE ESPAÑA ABSOLUTO"]
[Site "EL SAUZAL - TENERIFE - ISLAS CANARIAS"]
[Date "2010.09.05"]
[Round "2"]
[Board "30"]
[White "Fernandez Siles, Luis"]
[Black "Garcia Gata, Jorge D"]
[Result "0-1"]
[WhiteElo "2341"]
[BlackElo "2090"]
[PlyCount "62"]
[EventDate "2010.09.04"]
[EventRounds "9"]
[EventCountry "ESP"]

1.e4 c5 2.Nf3 g6 3.d4 cxd4 4.Qxd4 Nf6 5.e5 Nc6 6.Qa4 Nd5 7.Qe4 e6 8.c4 f5 9.exf6
Nxf6 10.Qh4 Bg7 11.Bh6 Bxh6 12.Qxh6 Qb6 13.Qd2 Ne4 14.Qc2 d5 15.a3 O-O 16.Nc3
Rxf3 17.Nxe4 Nd4 18.Qc1 dxe4 19.gxf3 Nxf3+ 20.Ke2 Nd4+ 21.Ke1 Qb3 22.Be2 Nc2+
23.Kd2 Nxa1 24.Qxa1 e5 25.Rc1 Qh3 26.b4 Qxh2 27.Rh1 Qf4+ 28.Ke1 Be6 29.Qd1 Rf8
30.Qd6 Qxf2+ 31.Kd1 Qd4+ 0-1